African Capitals - Fill the Map - Statistics

General Stats
  • This quiz has been taken 121 times
  • The average score is 42 of 54
Answers on the Map
Answers color-coded by a green-red scale on the quiz's map according to % correct below.
 
Answer Stats
Capital % Correct
Cairo
99%
Tunis
97%
Pretoria / Cape Town / Bloemfontein
96%
Algiers
95%
Rabat
95%
Addis Ababa
93%
Nairobi
93%
Tripoli
91%
Accra
89%
Kinshasa
88%
Djibouti
87%
Abuja
86%
Dakar
84%
Khartoum
84%
Luanda
84%
Brazzaville
83%
Mogadishu
83%
Juba
82%
São Tomé
82%
Kampala
81%
Windhoek
81%
Antananarivo
80%
Bissau
80%
Freetown
80%
Harare
80%
Maputo
78%
Monrovia
78%
Niamey
78%
Bamako
77%
Lomé
77%
Victoria
77%
Dodoma
76%
Kigali
76%
Yaounde
76%
Lusaka
75%
Bangui
74%
Conakry
74%
N'Djamena
73%
Asmara
72%
Libreville
72%
Lilongwe
72%
Gaborone
71%
Banjul
69%
Port Louis
69%
Porto Novo
69%
Praia
69%
Ouagadougou
68%
Maseru
66%
Gitega
65%
Nouakchott
65%
Mbabane
64%
Malabo
63%
Moroni
63%
Yamoussoukro
63%
No matching quizzes found
Score Distribution
Percent of People with Each Score
Percentile by Number Answered
Your Score History
You have not taken this quiz